=LDR 00000nam 2200000 4500 =001 INLIS000000000021985 =005 20260408112614 =035 ##$$a 0010-061300000021985 =008 260408################g##########0#ind## =041 ##$$a Ind =082 ##$$a 693.544 =090 ##$$a 693.544, Can-m =100 ##$$a CANONICA, Lucio =245 1#$$a Memahami beton bertulang /$c Lucio Canonica, M.Sc, DE. ETHZ =260 ##$$a Bandung :$b Angkasa,$c 1991 =300 ##$$a v, 150 hlm. : $b ilus. ; $c 27x 19 cm. =650 #4$$a Beton Bertulang =850 ##$$a NBPNMAT =020 ##$$a 979-404-969-7 =084 ##$$a 693.544 CAN m =250 ##$$a Cet. 1 =990 ##$$a 08490849 =990 ##$$a 53.059/pro-93